| 000 | 00689nam a2200205 a 4500 | ||
|---|---|---|---|
| 005 | 20140412111354.0 | ||
| 008 | 051104s19uu xx 00 eng d | ||
| 020 | _a0-02-661155-4 | ||
| 050 |
_aTR(GS 372.4 _bB35 L.1-B.2 |
||
| 100 | _aAdams, Marilyn Jager | ||
| 245 |
_aSRA Open Court Reading (orange), L.1-B.2 / _cMarilyn Jager Adams, et al. |
||
| 250 | _aTeacher's Edition | ||
| 260 |
_aColumbus, Ohio : _bSRA McGraw-Hill Comp, _c2000. |
||
| 300 | _axii p. ; 309F p. | ||
| 440 | _aSRA open court reading, Orange | ||
| 500 | _aContents: Keep Trying--Being Afraid-Homes | ||
| 650 |
_aReading _xStudy and teaching |
||
| 650 |
_aEnglish language _xStudy and teaching |
||
| 999 |
_c105381 _d105381 |
||